000 00439pab a2200169 454500
008 180718b2008 xxu||||| |||| 00| 0 eng d
100 _aCooper, Richard N.
245 _aGlobal imbalances: globalization, demography, and sustainability
260 _c2008
300 _ap.93-112.
362 _aSummer
650 _aDemography
650 _aGlobalization
773 _aJournal of Economic Perspectives
908 _aN
909 _a79429
999 _c79429
_d79429